00342nam a2200145Ia 4500008004100000041000800041082000800049100002400057245003700081250000600118260002600124300000700150542001500157650002400172220531s9999 xx 000 0 und d aeng bDIG aDignen,b. &. Others aEnglish 365 Book 2 Peronal Study a1 aPunebCambridgec2007 a96 d12-07-2012 aBusi. Communication